Statistics for English Cities With Multiple Football Teams

Click here to take the quiz!

General Stats

  • This quiz has been taken 14,459 times
    (10,624 since last reset)
  • The average score is 5 of 7

Answer Stats

#TeamsCity% Correct
12Arsenal, Chelsea, Crystal Palace, Fulham, Tottenham Hotspur,
West Ham United, Brentford, Millwall, Queens Park Rangers,
AFC Wimbledon, Charlton Athletic, Leyton Orient
London
100%
2Manchester City, Manchester UnitedManchester
99%
2Everton, LiverpoolLiverpool
96%
2Aston Villa, BirminghamBirmingham
88%
2Sheffield United, Sheffield WednesdaySheffield
69%
2Bristol City, Bristol RoversBristol
59%
2Stoke City, Port ValeStoke
27%

Score Distribution

Percentile by Number Answered

Percent of People with Each Score

Your Score History

You have not taken this quiz since the last reset